Методы структурного анализа и визуализации экспериментальных данных в социальных и медицинских исследованиях: монография
| Автор: | |
|---|---|
| Співавтор: | |
| Інші автори: | , |
| Резюме: | Заглавие с титульного экрана Электронная версия печатной публикации В монографии представлены результаты в области моделирования состояния сложных систем. Рассмотрены методы анализа, оценки и прогнозирования состояния сложных систем на примере биосистем. Представлены разработанные авторами информационные технологии формирования знаний в слабоструктурированных предметных областях и визуализации многомерных экспериментальных данных. Подготовлена в рамках проекта № 1957 Госзадания "Наука" Министерства образования и науки и частично поддержана грантом РФФИ, проект 14-07-00675 Текстовый файл AM_TPU_network |
| Мова: | Російська |
| Опубліковано: |
Томск, Изд-во ТПУ, 2014
|
| Предмети: | |
| Онлайн доступ: | http://www.lib.tpu.ru/fulltext2/m/2015/m200.pdf |
| Формат: | Електронний ресурс Книга |
| KOHA link: | https://koha.lib.tpu.ru/cgi-bin/koha/opac-detail.pl?biblionumber=297035 |
MARC
| LEADER | 00000nam0a2200000 4500 | ||
|---|---|---|---|
| 001 | 297035 | ||
| 005 | 20260406142628.0 | ||
| 010 | |a 978-5-4387-0525-3 | ||
| 035 | |a (RuTPU)RU\TPU\book\322155 | ||
| 035 | |a RU\TPU\book\322055 | ||
| 090 | |a 297035 | ||
| 100 | |a 20150605d2014 k y0rusy50 ca | ||
| 101 | 0 | |a rus | |
| 102 | |a RU | ||
| 105 | |a a z 001zy | ||
| 135 | |a drcn ---uucaa | ||
| 181 | 0 | |a i |b e | |
| 182 | 0 | |a b | |
| 183 | 0 | |a cr |2 RDAcarrier | |
| 200 | 1 | |a Методы структурного анализа и визуализации экспериментальных данных в социальных и медицинских исследованиях |e монография |f О. Г. Берестнева, И. А. Осадчая, А. Л. Бурцева |g Национальный исследовательский Томский политехнический университет (ТПУ) | |
| 203 | |a Текст |c электронный |b визуальный | ||
| 210 | |a Томск |c Изд-во ТПУ |d 2014 | ||
| 283 | |a online_resource |2 RDAcarrier | ||
| 300 | |a Заглавие с титульного экрана | ||
| 300 | |a Электронная версия печатной публикации | ||
| 330 | |a В монографии представлены результаты в области моделирования состояния сложных систем. Рассмотрены методы анализа, оценки и прогнозирования состояния сложных систем на примере биосистем. Представлены разработанные авторами информационные технологии формирования знаний в слабоструктурированных предметных областях и визуализации многомерных экспериментальных данных. Подготовлена в рамках проекта № 1957 Госзадания "Наука" Министерства образования и науки и частично поддержана грантом РФФИ, проект 14-07-00675 | ||
| 336 | |a Текстовый файл | ||
| 371 | 0 | |a AM_TPU_network | |
| 452 | 1 | |0 (RuTPU)RU\TPU\book\309590 |y 978-5-4387-0525-3 |t Методы структурного анализа и визуализации экспериментальных данных в социальных и медицинских исследованиях |o монография |f О. Г. Берестнева, И. А. Осадчая, А. Л. Бурцева |g Национальный исследовательский Томский политехнический университет (ТПУ) |c Томск |n Изд-во ТПУ |d 2014 |p 92 с. |a Берестнева, Ольга Григорьевна | |
| 606 | 1 | |a Модели когнитивных процессов |2 stltpush |3 (RuTPU)RU\TPU\subj\74121 |9 86645 | |
| 610 | 1 | |a труды учёных ТПУ | |
| 610 | 1 | |a электронный ресурс | |
| 610 | 1 | |a монографии | |
| 610 | 1 | |a структурный анализ | |
| 610 | 1 | |a визуализация | |
| 610 | 1 | |a экспериментальные данные | |
| 610 | 1 | |a социальные исследования | |
| 610 | 1 | |a медицинские исследования | |
| 610 | 1 | |a моделирование | |
| 610 | 1 | |a сложные системы | |
| 610 | 1 | |a биосистемы | |
| 610 | 1 | |a информационные технологии | |
| 610 | 1 | |a многомерные данные | |
| 610 | 1 | |a физиологические особенности | |
| 610 | 1 | |a статистические методы | |
| 675 | |a 004.81 |v 3 | ||
| 700 | 1 | |a Берестнева |b О. Г. |c специалист в области информатики и вычислительной техники |c профессор Томского политехнического университета, доктор технических наук |f 1953- |g Ольга Григорьевна |3 (RuTPU)RU\TPU\pers\24545 |9 10845 | |
| 701 | 1 | |a Осадчая |b И. А. |g Ирина Анатольевна | |
| 701 | 1 | |a Бурцева |b А. Л. |c специалист в области информатики и вычислительной техники |c инженер-исследователь Томского политехнического университета |f 1990- |g Анна Леонидовна |3 (RuTPU)RU\TPU\pers\33495 |9 17163 | |
| 712 | 0 | 2 | |a Национальный исследовательский Томский политехнический университет (ТПУ) |b Институт кибернетики (ИК) |b Кафедра прикладной математики (ПМ) |b Научно-учебная лаборатория информационных технологий в социальных и медицинских исследованиях (НУЛ ИТвСМИ) |3 (RuTPU)RU\TPU\col\20591 |
| 801 | 1 | |a RU |b 63413507 |c 20090108 |g PSBO | |
| 801 | 2 | |a RU |b 63413507 |c 20160615 |g RCR | |
| 856 | 4 | 0 | |u http://www.lib.tpu.ru/fulltext2/m/2015/m200.pdf |z http://www.lib.tpu.ru/fulltext2/m/2015/m200.pdf |
| 942 | |c CF | ||